00490cam a22001457a 4500008004000000082001100040100001600051245009900067260002900166300001000195650001800205650002000223999001900243952008200262180718b1977 xxu||||| |||| 00| 0 eng d aB H859 aHsueh, S.S. aSocial sciences and national development: the southeast Asian experiencecedited by S.S. Hsueh aNew DelhibAbhinavc1977 a138p. aSocial change aSocial sciences c346628d346628 00104070aIIPAbIIPAd1993-10-12oB H859p53074r2018-07-21w2018-07-21yBK